[Event "SA-2012-0-00306"]
[Site "LSS email"]
[Date "2012.10.23"]
[Round "?"]
[White "Both, Erik"]
[Black "Dautovic, Dzeno"]
[Result "1-0"]
[WhiteElo "2195"]
[BlackElo "2139"]
[PlyCount "25"]
[EventDate "2012.09.28"]
[EventType "tourn (corr)"]
[EventRounds "6"]
[EventCountry "GER"]
[SourceTitle "Corr 2022"]
[Source "ChessBase"]
[SourceDate "2021.10.24"]
[SourceVersion "1"]
[SourceVersionDate "2021.10.24"]
[SourceQuality "1"]

1. e4 e6 2. d4 d5 3. Nd2 Nf6 4. e5 Nfd7 5. Bd3 c5 6. c3 Nc6 7. Ngf3 g6 8. h4 Be7 9. Kf1 0-0 10. Kg1 cxd4 11. cxd4 f6 12. exf6 Bxf6 13. Ng5 1-0

[Event "SA-2012-0-00306"]
[Site "LSS email"]
[Date "2012.10.23"]
[Round "?"]
[White "Both, Erik"]
[Black "Kolanek, Roman"]
[Result "1/2-1/2"]
[WhiteElo "2109"]
[BlackElo "1913"]
[PlyCount "87"]
[EventDate "2012.09.28"]
[EventType "tourn (corr)"]
[EventRounds "6"]
[EventCountry "GER"]
[SourceTitle "Telechess CBM 167"]
[Source "ChessBase"]
[SourceDate "2015.07.13"]
[SourceVersion "1"]
[SourceVersionDate "2015.07.13"]
[SourceQuality "1"]

1. e4 e5 2. Nf3 Nc6 3. Bb5 a6 4. Ba4 Nf6 5. d3 d6 6. c3 b5 7. Bc2 Be7 8. Nbd2 0-0 9. 0-0 Re8 10. Re1 h6 11. d4 Bf8 12. Nf1 Bg4 13. d5 Ne7 14. h3 Bd7 15. Ng3 c6 16. dxc6 Nxc6 17. Be3 Be6 18. b4 Qc7 19. a4 Ne7 20. Ra3 Ng6 21. Qa1 Qc6 22. Qb2 Rac8 23. Rea1 d5 24. Qb1 Nxe4 25. Nxe4 dxe4 26. axb5 axb5 27. Bxe4 Bd5 28. Bxg6 Qxg6 29. Qxg6 fxg6 30. Nd2 g5 31. f3 Rc7 32. Ne4 Rc4 33. Nc5 e4 34. Nxe4 Bxe4 35. fxe4 Rexe4 36. Re1 Be7 37. Bd2 Rxe1+ 38. Bxe1 Bf6 39. Ra5 Bxc3 40. Bxc3 Rxc3 41. Rxb5 Kf7 42. Rb7+ Kf6 43. b5 Rc2 44. b6 1/2-1/2

[Event "SA-2012-0-00306"]
[Site "LSS email"]
[Date "2012.10.23"]
[Round "?"]
[White "Both, Erik"]
[Black "Sherwood, Russell"]
[Result "1/2-1/2"]
[WhiteElo "2109"]
[BlackElo "2134"]
[PlyCount "87"]
[EventDate "2012.09.28"]
[EventType "tourn (corr)"]
[EventRounds "6"]
[EventCountry "GER"]
[SourceTitle "Telechess CBM 167"]
[Source "ChessBase"]
[SourceDate "2015.07.13"]
[SourceVersion "1"]
[SourceVersionDate "2015.07.13"]
[SourceQuality "1"]

1. e4 e5 2. Nf3 Nc6 3. Bb5 a6 4. Ba4 Nf6 5. d3 Bc5 6. c3 b5 7. Bc2 d5 8. Qe2 0-0 9. Nbd2 Ba7 10. 0-0 Re8 11. Re1 Be6 12. exd5 Bxd5 13. Ng5 a5 14. a4 b4 15. Nge4 Rb8 16. Nf1 Nd7 17. Be3 f5 18. Bxa7 Nxa7 19. Ne3 Be6 20. Nd2 b3 21. Bb1 Nc5 22. Nf3 f4 23. Nf1 Nc6 24. N1d2 Bd5 25. Ne4 Qe7 26. Nxc5 Qxc5 27. Ng5 Qe7 28. Qh5 h6 29. Ne4 Rbd8 30. Nd2 Qd7 31. Qd1 Qd6 32. Nxb3 Qg6 33. f3 Ne7 34. d4 Qb6 35. Bc2 Nf5 36. Bxf5 Bxb3 37. Bc2 Bxc2 38. Qxc2 exd4 39. cxd4 Re3 40. Rxe3 Qxd4 41. Qb3+ Kh8 42. Rae1 fxe3 43. Qxe3 Qxb2 44. Qc5 1/2-1/2

[Event "Utrecht OKU op 39th"]
[Site "Utrecht"]
[Date "2012.06.10"]
[Round "6"]
[White "Both, Erik"]
[Black "Veldhuysen, Klaas"]
[Result "1-0"]
[WhiteElo "2162"]
[BlackElo "2007"]
[PlyCount "61"]
[EventDate "2012.06.08"]
[EventType "swiss"]
[EventRounds "6"]
[EventCountry "NED"]
[SourceTitle "CBM 148 Extra"]
[Source "ChessBase"]
[SourceDate "2012.06.22"]
[SourceVersion "1"]
[SourceVersionDate "2012.06.22"]
[SourceQuality "1"]

1. e4 c5 2. Nf3 Nc6 3. Bb5 Nf6 4. Bxc6 dxc6 5. d3 c4 6. e5 Ng4 7. d4 g6 8. Qe2 Be6 9. c3 Bh6 10. Nbd2 b5 11. h3 Nxf2 12. Qxf2 Bd5 13. Qh4 Bxd2+ 14. Bxd2 Bxf3 15. gxf3 Qd5 16. Qe4 0-0 17. Bh6 Rfd8 18. Qxd5 Rxd5 19. Ke2 f5 20. h4 c5 21. Ke3 Rad8 22. Rad1 b4 23. h5 cxd4+ 24. cxd4 c3 25. bxc3 bxc3 26. hxg6 hxg6 27. Bg5 c2 28. Rd2 Rc8 29. Rc1 Rc3+ 30. Rd3 Rc4 31. Bxe7 1-0

[Event "SA-2012-0-00251"]
[Site "LSS email"]
[Date "2012.03.13"]
[Round "?"]
[White "Sherwood, Russell"]
[Black "Both, Erik"]
[Result "1-0"]
[WhiteElo "2186"]
[BlackElo "2121"]
[PlyCount "91"]
[EventDate "2012.02.12"]
[EventType "tourn (corr)"]
[EventRounds "6"]
[EventCountry "GER"]
[SourceTitle "Telechess CBM 165"]
[Source "ChessBase"]
[SourceDate "2015.03.11"]
[SourceVersion "1"]
[SourceVersionDate "2015.03.11"]
[SourceQuality "1"]

1. e4 d6 2. d4 Nf6 3. Nc3 g6 4. f4 Bg7 5. Nf3 0-0 6. Bd3 Na6 7. 0-0 c5 8. d5 Bg4 9. Bc4 Rb8 10. h3 Bxf3 11. Rxf3 Nc7 12. a4 a6 13. a5 Nb5 14. Nxb5 axb5 15. Bxb5 Nxe4 16. Qe2 Nf6 17. Bc4 Qc7 18. Re3 Rfe8 19. Kh2 Qd8 20. Bd2 Nd7 21. Re1 Rf8 22. Rxe7 Bf6 23. Re3 Bxb2 24. Bb5 Bg7 25. Ba4 c4 26. Qxc4 Nc5 27. Bb5 Rc8 28. R1e2 h6 29. Be1 h5 30. Qb4 Qf6 31. Bc3 Qf5 32. Bxg7 Kxg7 33. Re7 Kg8 34. Qd4 Rcd8 35. R2e3 h4 36. Be2 Qxc2 37. Bg4 g5 38. fxg5 Qg6 39. Qf4 Nd3 40. Qf6 Qxf6 41. gxf6 Nc5 42. Bf5 Ra8 43. Rf3 Rxa5 44. Rf4 Ra4 45. Rxa4 Nxa4 46. Rxb7 1-0

[Event "RA-2011-0-00176"]
[Site "LSS email"]
[Date "2012.01.02"]
[Round "?"]
[White "Both, Erik"]
[Black "Husemann, Andreas"]
[Result "1/2-1/2"]
[WhiteElo "2142"]
[BlackElo "1994"]
[PlyCount "132"]
[EventDate "2011.12.16"]
[EventType "tourn (corr)"]
[EventRounds "6"]
[EventCountry "GER"]
[SourceTitle "Telechess CBM 153"]
[Source "ChessBase"]
[SourceDate "2013.03.14"]
[SourceVersion "1"]
[SourceVersionDate "2013.03.14"]
[SourceQuality "1"]

1. e4 e5 2. Bc4 Nf6 3. d3 Bc5 4. Nf3 Nc6 5. c3 a6 6. Bb3 Ba7 7. h3 d6 8. Nbd2 h6 9. Nf1 Be6 10. Bc2 d5 11. Qe2 Qd6 12. Ng3 Rd8 13. Nh4 dxe4 14. Ngf5 Qf8 15. dxe4 g6 16. Ne3 Qg7 17. 0-0 0-0 18. g4 Rd7 19. Kh1 Kh8 20. b3 Rfd8 21. Nf3 Qf8 22. Nc4 Bxc4 23. Qxc4 Kh7 24. b4 Qe7 25. a4 Kg7 26. Kg2 Re8 27. a5 Qe6 28. Qxe6 Rxe6 29. Re1 Rd8 30. Bb3 Re7 31. Ba3 Ree8 32. Bc4 Rd7 33. Bc1 Nb8 34. Ra2 Rd6 35. Rd2 Rxd2 36. Bxd2 Rd8 37. g5 hxg5 38. Bxg5 Nc6 39. h4 Rd6 40. Bxf6+ Kxf6 41. Bd5 Nd8 42. Rh1 c6 43. h5 gxh5 44. Bc4 Ne6 45. Bxe6 Rxe6 46. Rxh5 Bb8 47. Nh4 Bc7 48. Nf5 Re8 49. Rh6+ Kg5 50. Rh3 Rd8 51. Rf3 Kg6 52. Kf1 c5 53. Ke2 Rd7 54. Rg3+ Kf6 55. Ne3 cxb4 56. cxb4 Ke6 57. Nd5 Bd8 58. Rg8 Be7 59. Rh8 f6 60. Rh6 Rxd5 61. exd5+ Kxd5 62. b5 axb5 63. Rh7 Kd6 64. Kd3 Kd7 65. Kc3 Ke6 66. Rh8 Kd6 1/2-1/2

[Event "SA-2011-0-00211"]
[Site "LSS email"]
[Date "2011.08.24"]
[Round "?"]
[White "Both, Erik"]
[Black "Pazderski, Ludwik"]
[Result "1-0"]
[WhiteElo "2134"]
[BlackElo "2121"]
[PlyCount "111"]
[EventDate "2011.08.03"]
[EventType "tourn (corr)"]
[EventRounds "6"]
[EventCountry "GER"]
[SourceTitle "Telechess CBM 157"]
[Source "ChessBase"]
[SourceDate "2013.11.12"]
[SourceVersion "1"]
[SourceVersionDate "2013.11.12"]
[SourceQuality "1"]

1. c4 e5 2. g3 Nf6 3. Bg2 d5 4. cxd5 Nxd5 5. Nc3 Nb6 6. Nf3 Nc6 7. 0-0 Be7 8. a3 0-0 9. b4 Be6 10. Rb1 a6 11. d3 f5 12. Na4 e4 13. Ne1 Nxa4 14. Qxa4 a5 15. b5 Nd4 16. Rb2 b6 17. dxe4 Rb8 18. Nf3 Nxf3+ 19. Bxf3 Qe8 20. exf5 Rxf5 21. Bg4 Rf6 22. Bxe6+ Rxe6 23. Rd1 Bc5 24. Rbd2 Rd6 25. Rxd6 cxd6 26. e3 Qe6 27. Qc2 Ra8 28. Bb2 a4 29. Rd3 Ra5 30. Bd4 Rxb5 31. Qxa4 Rb1+ 32. Rd1 Rxd1+ 33. Qxd1 Qd5 34. Qg4 Bxd4 35. Qxd4 Qc6 36. e4 Kf7 37. Kg2 Kg6 38. h3 h6 39. g4 Kh7 40. Qd5 Qa4 41. Qd3 Kh8 42. f3 Qc6 43. h4 Qc5 44. a4 Qb4 45. g5 Qb2+ 46. Kh3 Qa1 47. gxh6 Qh1+ 48. Kg4 Qg2+ 49. Kf4 Qh2+ 50. Ke3 Qg1+ 51. Kd2 gxh6 52. Kc3 Qc1+ 53. Kb3 Qf4 54. Kc4 Kg7 55. Kb5 Qxh4 56. Qxd6 1-0

[Event "SA-2011-0-00211"]
[Site "LSS email"]
[Date "2011.08.24"]
[Round "?"]
[White "Moreira, Jose Americo Paiva"]
[Black "Both, Erik"]
[Result "1/2-1/2"]
[WhiteElo "1750"]
[BlackElo "2134"]
[PlyCount "94"]
[EventDate "2011.08.03"]
[EventType "tourn (corr)"]
[EventRounds "6"]
[EventCountry "GER"]
[SourceTitle "Telechess CBM 157"]
[Source "ChessBase"]
[SourceDate "2013.11.12"]
[SourceVersion "1"]
[SourceVersionDate "2013.11.12"]
[SourceQuality "1"]

1. Nf3 g6 2. e4 c5 3. d4 cxd4 4. Nxd4 Nf6 5. Nc3 d6 6. Be3 a6 7. f3 Nbd7 8. Qd2 Bg7 9. g4 b5 10. 0-0-0 Bb7 11. g5 Nh5 12. Kb1 Nb6 13. b3 b4 14. Nce2 e5 15. Nf5 gxf5 16. Qxb4 a5 17. Qb5+ Qd7 18. Qxb6 Ra6 19. Rxd6 Qxd6 20. Qxb7 Rc6 21. Nc1 0-0 22. Bb5 Rc3 23. Bd3 Rb8 24. Qa7 Rbc8 25. Qa6 Qc7 26. Ne2 Rc6 27. Qa7 Qxa7 28. Bxa7 f4 29. Rg1 Bf8 30. Bc4 Ng7 31. Nc1 R6c7 32. Bf2 Ne8 33. Rd1 Nd6 34. Bd3 a4 35. c4 Rb8 36. Kc2 Nb5 37. Bf1 Na3+ 38. Kc3 Nb5+ 39. Kb2 Ba3+ 40. Kc2 Bxc1 41. Rxc1 axb3+ 42. axb3 Na3+ 43. Kb2 Rcb7 44. Rc3 Nb1 45. Rd3 Nd2 46. Rxd2 Rxb3+ 47. Kc2 Rb2+ 1/2-1/2

[Event "Vlissingen HZ op 15th"]
[Site "Vlissingen"]
[Date "2011.08.06"]
[Round "9"]
[White "Van Dooren, Dirk"]
[Black "Both, Erik"]
[Result "1-0"]
[WhiteElo "2290"]
[BlackElo "2147"]
[PlyCount "77"]
[EventDate "2011.07.30"]
[EventType "swiss"]
[EventRounds "9"]
[EventCountry "NED"]
[SourceTitle "CBM 143 Extra"]
[Source "ChessBase"]
[SourceDate "2011.08.29"]
[SourceVersion "1"]
[SourceVersionDate "2011.08.29"]
[SourceQuality "1"]

1. e4 g6 2. d4 Bg7 3. Nc3 d6 4. Be3 a6 5. Bd3 b5 6. Nce2 Nd7 7. Qd2 c5 8. c3 Qc7 9. b3 Bb7 10. f3 Rc8 11. Nh3 e6 12. 0-0 h6 13. Nf2 Ne7 14. Rac1 e5 15. Bb1 c4 16. f4 f5 17. Ng3 exf4 18. Bxf4 g5 19. Nh5 Rg8 20. exf5 gxf4 21. Nxf4 Bf6 22. Rfe1 Bg5 23. N2h3 Nf6 24. Nxg5 hxg5 25. Ng6 Rg7 26. Qxg5 Kf7 27. Qe3 Nxf5 28. Qe6+ Kxg6 29. Qxf5+ Kf7 30. Qe6+ Kf8 31. Qxf6+ Kg8 32. Be4 cxb3 33. axb3 d5 34. Qe6+ Qf7 35. Bxd5 Bxd5 36. Qxc8+ Kh7 37. Qh3+ Kg8 38. Rc2 Bxb3 39. Rce2 1-0

[Event "Vlissingen HZ op 15th"]
[Site "Vlissingen"]
[Date "2011.08.02"]
[Round "5"]
[White "Fernandez, Daniel Howard"]
[Black "Both, Erik"]
[Result "1-0"]
[WhiteElo "2328"]
[BlackElo "2147"]
[PlyCount "55"]
[EventDate "2011.07.30"]
[EventType "swiss"]
[EventRounds "9"]
[EventCountry "NED"]
[SourceTitle "CBM 143 Extra"]
[Source "ChessBase"]
[SourceDate "2011.08.29"]
[SourceVersion "1"]
[SourceVersionDate "2011.08.29"]
[SourceQuality "1"]

1. e4 c5 2. Nf3 d6 3. d4 cxd4 4. Nxd4 Nf6 5. Nc3 g6 6. Be3 Bg7 7. f3 Nc6 8. Qd2 0-0 9. g4 Be6 10. Nxe6 fxe6 11. Be2 Qa5 12. 0-0-0 Rfc8 13. Kb1 Ne5 14. Nb5 Qxd2 15. Rxd2 a6 16. Nd4 Kf7 17. g5 Ne8 18. Rdd1 b5 19. Bc1 Nc6 20. Nxc6 Rxc6 21. h4 Nc7 22. h5 Rc8 23. f4 Na8 24. Bd3 Nb6 25. f5 Nd7 26. Rdf1 gxf5 27. exf5 Rh8 28. fxe6+ 1-0

[Event "Utrecht OKU op 38th"]
[Site "Utrecht"]
[Date "2011.06.04"]
[Round "2"]
[White "Lalic, Bogdan"]
[Black "Both, Erik"]
[Result "1-0"]
[WhiteElo "2469"]
[BlackElo "2150"]
[PlyCount "124"]
[EventDate "2011.06.03"]
[EventType "swiss"]
[EventRounds "6"]
[EventCountry "NED"]
[SourceTitle "CBM 142 Extra"]
[Source "ChessBase"]
[SourceDate "2011.06.27"]
[SourceVersion "1"]
[SourceVersionDate "2011.06.27"]
[SourceQuality "1"]

1. d4 g6 2. c4 Bg7 3. e4 d6 4. Nc3 Nc6 5. Be3 e5 6. d5 Nce7 7. c5 f5 8. cxd6 cxd6 9. Qa4+ Kf8 10. Nf3 Nf6 11. Bd3 fxe4 12. Bxe4 h6 13. 0-0 Kg8 14. Rac1 Kh7 15. Qb3 Nxe4 16. Nxe4 Rf8 17. Nfd2 b6 18. Nc4 Bb7 19. Ncxd6 Bxd5 20. Qa4 Bxe4 21. Nxe4 Nf5 22. Rfd1 Qh4 23. g3 Qh3 24. Re1 Nd4 25. Bxd4 exd4 26. Qd1 Rac8 27. Rxc8 Qxc8 28. Qd3 Qf5 29. b3 Rc8 30. Rd1 Re8 31. f3 Rf8 32. Kg2 h5 33. h4 Bh6 34. f4 Re8 35. Re1 Qd5 36. Qc4 Qb7 37. Qxd4 Bg7 38. Qd3 Re7 39. Qf3 Kh8 40. f5 Rf7 41. Nd6 Qxf3+ 42. Kxf3 Rf6 43. Re6 gxf5 44. Rxf6 Bxf6 45. Kf4 Be7 46. Nc8 Bd8 47. Nxa7 Bc7+ 48. Kxf5 Bxg3 49. Kg5 Kg7 50. Kxh5 Kf6 51. Kg4 Be1 52. h5 Bd2 53. a4 Ke6 54. Nc8 b5 55. axb5 Kd7 56. Na7 Kc7 57. Nc6 Kb6 58. Nd4 Bc3 59. Nc2 Kxb5 60. Kf5 Kc5 61. h6 Kd5 62. h7 Kd6 1-0

[Event "BI-2011-P-00030"]
[Site "LSS email"]
[Date "2011.04.17"]
[Round "?"]
[White "Both, Erik"]
[Black "Andersen, Lars Kirstein"]
[Result "1/2-1/2"]
[WhiteElo "2142"]
[BlackElo "1957"]
[PlyCount "36"]
[EventDate "2011.04.20"]
[EventType "tourn (corr)"]
[EventRounds "10"]
[EventCountry "GER"]
[SourceTitle "Telechess CBM 155"]
[Source "ChessBase"]
[SourceDate "2013.07.16"]
[SourceVersion "1"]
[SourceVersionDate "2013.07.16"]
[SourceQuality "1"]

1. e4 c6 2. d4 d5 3. Nd2 dxe4 4. Nxe4 Bf5 5. Ng3 Bg6 6. N1e2 e6 7. h4 h6 8. Nf4 Bh7 9. Bc4 Nf6 10. c3 Bd6 11. Nfh5 0-0 12. Bg5 Nbd7 13. Bxf6 Nxf6 14. Nxf6+ Qxf6 15. Bd3 Bxd3 16. Qxd3 Bxg3 17. Qxg3 Rad8 18. 0-0 Rd5 1/2-1/2

[Event "BI-2011-P-00030"]
[Site "LSS email"]
[Date "2011.04.17"]
[Round "?"]
[White "Onem, Cem"]
[Black "Both, Erik"]
[Result "1/2-1/2"]
[WhiteElo "1896"]
[BlackElo "2142"]
[PlyCount "73"]
[EventDate "2011.04.20"]
[EventType "tourn (corr)"]
[EventRounds "10"]
[EventCountry "GER"]
[SourceTitle "Telechess CBM 155"]
[Source "ChessBase"]
[SourceDate "2013.07.16"]
[SourceVersion "1"]
[SourceVersionDate "2013.07.16"]
[SourceQuality "1"]

1. e4 c5 2. Nf3 d6 3. c4 Nc6 4. d4 cxd4 5. Nxd4 g6 6. Nc3 Bg7 7. Be3 Nf6 8. Be2 0-0 9. 0-0 Bd7 10. f3 Nxd4 11. Bxd4 a5 12. Qd2 Bc6 13. b3 Nd7 14. Be3 Nc5 15. Rab1 Qb6 16. Rfc1 Rfc8 17. Rc2 Qd8 18. Bf1 b6 19. a3 Be5 20. Qf2 Rab8 21. b4 Na4 22. Ne2 Ra8 23. Nd4 Bb7 24. Rd1 Qd7 25. Bd3 Bg7 26. Rcc1 Ba6 27. Qa2 Ra7 28. Qb3 Rac7 29. Rc2 axb4 30. axb4 b5 31. cxb5 Rxc2 32. Bxc2 Bxd4 33. Bxd4 Bxb5 34. h3 Qc6 35. Bd3 Bxd3 36. Qxd3 Qc4 37. b5 1/2-1/2

[Event "SA-2011-0-00186"]
[Site "LSS email"]
[Date "2011.03.27"]
[Round "?"]
[White "Both, Erik"]
[Black "Kurpnieks, Vairis"]
[Result "1-0"]
[WhiteElo "2141"]
[BlackElo "2091"]
[PlyCount "145"]
[EventDate "2011.03.08"]
[EventType "tourn (corr)"]
[EventRounds "6"]
[EventCountry "GER"]
[SourceTitle "Telechess CBM 157"]
[Source "ChessBase"]
[SourceDate "2013.11.12"]
[SourceVersion "1"]
[SourceVersionDate "2013.11.12"]
[SourceQuality "1"]

1. e4 e5 2. Bc4 Nf6 3. d3 c6 4. Nf3 d5 5. Bb3 Bd6 6. Nc3 Be6 7. Bg5 d4 8. Ne2 h6 9. Bxe6 fxe6 10. Bh4 Nbd7 11. 0-0 Qc7 12. c3 dxc3 13. bxc3 g5 14. Bg3 Nh5 15. Qb3 Nc5 16. Qc2 Nxg3 17. hxg3 Qh7 18. Nd2 h5 19. d4 h4 20. g4 h3 21. g3 Na6 22. Qb3 Qf7 23. Rab1 0-0-0 24. Nc4 Rh7 25. f3 Qc7 26. Kh2 b6 27. f4 exf4 28. e5 fxg3+ 29. Nxg3 Be7 30. Ne4 c5 31. Rb2 Kb8 32. Qa4 cxd4 33. Qxa6 dxc3 34. Rb5 Rd5 35. Nxc3 Rd2+ 36. Nxd2 Qxc3 37. Rxb6+ axb6 38. Qxb6+ Kc8 39. Qxe6+ Kc7 40. Rf2 Qd4 41. Qf5 Rh8 42. Nb3 Qe3 43. Qc2+ Kb6 44. Qb2 Bb4 45. Rf6+ Kc7 46. Qd4 Qxd4 47. Nxd4 Bd2 48. Kh1 Be3 49. Ne6+ Kb7 50. Rf3 Bb6 51. Rf5 Ra8 52. Nxg5 Rxa2 53. Nxh3 Bc7 54. Nf4 Kc6 55. g5 Ra5 56. Ng6 Kd5 57. Kg2 Ra3 58. Rf3 Ra1 59. Kh3 Rg1 60. Kh4 Ke4 61. Rf4+ Ke3 62. Rf7 Bd8 63. Ne7 Ke4 64. e6 Bxe7 65. Rxe7 Kf5 66. Rf7+ Kxe6 67. Rf6+ Ke7 68. Kh5 Rd1 69. Kh6 Rd2 70. Rf3 Rd1 71. g6 Rh1+ 72. Kg7 Re1 73. Kg8 1-0

[Event "OP-2011-0-01463"]
[Site "LSS email"]
[Date "2011.03.26"]
[Round "?"]
[White "Parente, Antonio Manuel Peix"]
[Black "Both, Erik"]
[Result "0-1"]
[WhiteElo "676"]
[BlackElo "2147"]
[PlyCount "36"]
[EventDate "2011.03.23"]
[EventType "tourn (corr)"]
[EventRounds "4"]
[EventCountry "GER"]
[SourceTitle "Telechess CBM 145"]
[Source "Chessbase"]
[SourceDate "2011.11.11"]
[SourceVersion "1"]
[SourceVersionDate "2011.11.11"]
[SourceQuality "1"]

1. e4 Nf6 2. Nc3 d6 3. d4 g6 4. f4 Bg7 5. Nf3 0-0 6. Bd3 Na6 7. Be3 c5 8. e5 Ng4 9. Qe2 Nxe3 10. Qxe3 cxd4 11. Nxd4 dxe5 12. fxe5 Nb4 13. 0-0 Qb6 14. Rfd1 Bg4 15. Be2 Bxe2 16. Qxe2 Nc6 17. Nd5 Nxd4 18. c3 Nxe2+ 0-1

[Event "Spijkenisse op"]
[Site "Spijkenisse"]
[Date "2010.05.15"]
[Round "4"]
[White "Both, Erik"]
[Black "Miedema, David"]
[Result "0-1"]
[WhiteElo "2143"]
[BlackElo "2414"]
[PlyCount "86"]
[EventDate "2010.05.14"]
[EventType "swiss"]
[EventRounds "6"]
[EventCountry "NED"]
[SourceTitle "CBM 136 Extra"]
[Source "ChessBase"]
[SourceDate "2010.07.02"]
[SourceVersion "2"]
[SourceVersionDate "2010.07.15"]
[SourceQuality "1"]

1. e4 e6 2. d4 d5 3. e5 c5 4. c3 Nc6 5. Nf3 Qb6 6. a3 c4 7. Nbd2 Na5 8. Be2 Bd7 9. 0-0 Ne7 10. Rb1 Qc7 11. Re1 0-0-0 12. Ng5 Be8 13. Bg4 h6 14. Nh3 Ng6 15. f4 Kb8 16. f5 exf5 17. Bxf5 Bd7 18. Bxd7 Qxd7 19. Qh5 Be7 20. e6 Qd6 21. Nf3 Rhf8 22. g3 Ka8 23. Nf4 Nc6 24. exf7 Nxf4 25. Bxf4 Qf6 26. Ne5 g5 27. Nxc6 bxc6 28. Be5 Qxf7 29. Qxf7 Rxf7 30. Rf1 Rdf8 31. Rxf7 Rxf7 32. g4 Kb7 33. Rf1 Rh7 34. Kg2 Kb6 35. Kg3 Kb5 36. Kg2 Ka4 37. Bf6 Kb3 38. Bxe7 Rxe7 39. Rf2 a5 40. h4 Re4 41. Kg3 Re3+ 42. Kg2 gxh4 43. Rf6 Kxb2 0-1

[Event "Copenhagen Challenge"]
[Site "Ballerup"]
[Date "2010.??.??"]
[Round "2"]
[White "Bejtovic, Jasmin"]
[Black "Both, Erik"]
[Result "1-0"]
[WhiteElo "2384"]
[BlackElo "2188"]
[PlyCount "109"]
[EventDate "2010.04.28"]
[EventType "swiss"]
[EventRounds "9"]
[EventCountry "DEN"]
[SourceTitle "EXT 2018"]
[Source "ChessBase"]
[SourceDate "2017.10.13"]
[SourceVersion "1"]
[SourceVersionDate "2017.10.13"]
[SourceQuality "1"]

1. e4 c5 2. Nc3 d6 3. g3 Nc6 4. Bg2 g6 5. d3 Bg7 6. f4 e6 7. Nf3 Nge7 8. 0-0 0-0 9. Be3 Nd4 10. e5 Nef5 11. Bf2 Nxf3+ 12. Bxf3 Nd4 13. exd6 Qxd6 14. Bg2 Rd8 15. Ne4 Qc7 16. c3 Nc6 17. Nxc5 e5 18. fxe5 Nxe5 19. d4 Ng4 20. Qf3 Rb8 21. Rfe1 Nxf2 22. Qxf2 b6 23. Nd3 Bb7 24. Re3 Bh6 25. Re2 Ba6 26. Rae1 Bf8 27. Qf3 Bc4 28. a3 a5 29. Re3 Bxd3 30. Rxd3 b5 31. Qc6 Qxc6 32. Bxc6 b4 33. axb4 axb4 34. Re2 Bg7 35. Kg2 bxc3 36. bxc3 Rb3 37. Rf3 Kf8 38. Ra2 f5 39. Ra7 Rb2+ 40. Kh3 Rd6 41. Rc7 Bh6 42. Rf1 f4 43. gxf4 Rf6 44. Kg3 Rc2 45. Bd5 Re2 46. Rf3 Re1 47. Rb7 Rg1+ 48. Kf2 Rc1 49. Ke2 Bxf4 50. Rxh7 g5 51. Kd3 Rd6 52. c4 Ra6 53. Ke4 Re1+ 54. Kf5 Re5+ 55. dxe5 1-0

[Event "Copenhagen Challenge"]
[Site "Ballerup"]
[Date "2010.??.??"]
[Round "9"]
[White "Both, Erik"]
[Black "Skjoldager, Mikael"]
[Result "1-0"]
[WhiteElo "2188"]
[BlackElo "1958"]
[PlyCount "69"]
[EventDate "2010.04.28"]
[EventType "swiss"]
[EventRounds "9"]
[EventCountry "DEN"]
[SourceTitle "EXT 2018"]
[Source "ChessBase"]
[SourceDate "2017.10.13"]
[SourceVersion "1"]
[SourceVersionDate "2017.10.13"]
[SourceQuality "1"]

1. e4 c5 2. Nf3 d6 3. d4 cxd4 4. Qxd4 Nc6 5. Bb5 Bd7 6. Bxc6 Bxc6 7. Nc3 Nf6 8. Bg5 e6 9. 0-0-0 Be7 10. Rhe1 h6 11. Bh4 Qc7 12. Bg3 e5 13. Qd2 0-0-0 14. Kb1 Nh5 15. Nd5 Bxd5 16. Qxd5 Nxg3 17. hxg3 Rhf8 18. Re3 Kb8 19. Rc3 Qb6 20. Rb3 Qa6 21. Rdd3 Rc8 22. Rxb7+ Qxb7 23. Rb3 Rc7 24. Rxb7+ Rxb7 25. Nd2 f5 26. exf5 Rxf5 27. f3 Rh5 28. b3 Rh1+ 29. Kb2 a6 30. Nc4 Ka7 31. Na5 Rc7 32. Nc6+ Kb6 33. Nxe7 Rg1 34. Qxd6+ Kb7 35. Nd5 1-0

[Event "Copenhagen Challenge"]
[Site "Ballerup"]
[Date "2010.??.??"]
[Round "5"]
[White "Both, Erik"]
[Black "Tandrup, Michael"]
[Result "1-0"]
[WhiteElo "2188"]
[BlackElo "1954"]
[PlyCount "71"]
[EventDate "2010.04.28"]
[EventType "swiss"]
[EventRounds "9"]
[EventCountry "DEN"]
[SourceTitle "EXT 2018"]
[Source "ChessBase"]
[SourceDate "2017.10.13"]
[SourceVersion "1"]
[SourceVersionDate "2017.10.13"]
[SourceQuality "1"]

1. e4 c5 2. Nf3 Nc6 3. Bb5 g6 4. 0-0 Bg7 5. c3 a6 6. Bxc6 bxc6 7. d3 d6 8. h3 Nf6 9. Be3 0-0 10. Qd2 Nd7 11. Bh6 Re8 12. Bxg7 Kxg7 13. Nh2 e5 14. Na3 Nf8 15. f4 f6 16. Qf2 Qe7 17. Nc4 Be6 18. Ne3 exf4 19. Qxf4 Nd7 20. Rad1 d5 21. Neg4 dxe4 22. dxe4 g5 23. Qf2 h5 24. Ne3 Ne5 25. Nf3 Nc4 26. b3 Nxe3 27. Qxe3 Bd5 28. e5 Bxf3 29. Qxf3 Qxe5 30. Qxc6 Qxc3 31. Rd7+ Kg6 32. Rd6 Rf8 33. Qe4+ Kh6 34. Rd7 Rh8 35. Qe7 h4 36. Rxf6+ 1-0

[Event "Copenhagen Challenge"]
[Site "Ballerup"]
[Date "2010.??.??"]
[Round "4"]
[White "Hector, Jonny"]
[Black "Both, Erik"]
[Result "1-0"]
[WhiteElo "2582"]
[BlackElo "2188"]
[PlyCount "71"]
[EventDate "2010.04.28"]
[EventType "swiss"]
[EventRounds "9"]
[EventCountry "DEN"]
[SourceTitle "EXT 2018"]
[Source "ChessBase"]
[SourceDate "2017.10.13"]
[SourceVersion "1"]
[SourceVersionDate "2017.10.13"]
[SourceQuality "1"]

1. e4 c5 2. Nf3 d6 3. d4 cxd4 4. Nxd4 Nf6 5. Nc3 g6 6. Bc4 Bg7 7. 0-0 0-0 8. Re1 Nc6 9. Bb3 Bd7 10. Bg5 Na5 11. Qd2 Nxb3 12. axb3 Re8 13. Bh6 Bh8 14. h3 a6 15. Rad1 Rc8 16. f4 e5 17. Nf3 Qb6+ 18. Kh2 Bc6 19. f5 Rcd8 20. Bg5 Rd7 21. Qe2 Bg7 22. Rf1 gxf5 23. Nh4 Nxe4 24. Rxf5 Nxg5 25. Rxg5 Kh8 26. Nf5 f6 27. Qh5 Rg8 28. Rg4 Qf2 29. Rd3 Rc7 30. Rdg3 Qd2 31. Ne4 Bxe4 32. Rxe4 h6 33. Reg4 d5 34. Rg6 Qf4 35. Nxh6 Rgc8 36. Nf7+ 1-0

[Event "Brasschaat op 09th"]
[Site "Brasschaat"]
[Date "2009.08.22"]
[Round "8"]
[White "Du Pont, David"]
[Black "Both, Erik"]
[Result "1/2-1/2"]
[WhiteElo "2121"]
[BlackElo "2234"]
[PlyCount "89"]
[EventDate "2009.08.15"]
[EventType "swiss"]
[EventRounds "9"]
[EventCountry "BEL"]
[SourceTitle "CBM 131 Extra"]
[Source "ChessBase"]
[SourceDate "2009.09.03"]
[SourceVersion "2"]
[SourceVersionDate "2009.09.16"]
[SourceQuality "1"]

1. d4 g6 2. e4 Bg7 3. Nf3 d6 4. c3 Nf6 5. Nbd2 0-0 6. Bd3 c5 7. dxc5 dxc5 8. Qc2 Nc6 9. 0-0 Qc7 10. Re1 Rd8 11. a4 Na5 12. Nc4 Be6 13. Nxa5 Qxa5 14. Qe2 a6 15. Bc4 Bxc4 16. Qxc4 e6 17. Bg5 h6 18. Be3 Rac8 19. h3 Ne8 20. e5 Qc7 21. Bf4 Rd5 22. Rad1 Qc6 23. Rd2 Rcd8 24. Red1 Nc7 25. Qb3 Rxd2 26. Rxd2 Rxd2 27. Bxd2 Nd5 28. c4 Nb6 29. a5 Nd7 30. Qe3 Qa4 31. b3 Qa1+ 32. Kh2 Bxe5+ 33. g3 Bg7 34. Qe4 Ne5 35. Qxb7 Qb2 36. Be3 Nxf3+ 37. Qxf3 Qxb3 38. Qa8+ Kh7 39. Qxa6 Bd4 40. Qa7 Bxe3 41. Qxf7+ Kh8 42. Qf6+ Kh7 43. Qf7+ Kh8 44. a6 Bxf2 45. Qf8+ 1/2-1/2